000 01060nas a2200349 4500
001 BR2015004263
003 BR-BrBNA
005 20231205125548.0
007 ta
008 230509b bl.|||p| |||| 00| 00por d
040 _aBR-BrBNA
_bpor
_cBiblioteca Nacional de Agricultura
041 _a(En)
072 _aF08
100 1 _aGazola, R. de N.
100 1 _aMelo, L.M.M. de
100 1 _aDinalli, R.P.
100 1 _aTeixeira Filho, M.C.M.
100 1 _aGarcia, C.M. de P.
245 1 _aSowing depths of brachiaria in intercropping with corn in no tillage planting
650 _aMILHO
650 _aRENDIMENTO
650 _aPLANTIO DIRETO
650 _aCONSORCIACAO DE CULTURA
650 _aMECANIZACAO AGRICOLA
650 _aPRODUCAO
650 _aPALHADA
650 _aNUTRICAO ANIMAL
773 0 _tEngenharia Agrícola (Brazil)
_xISSN 1809-4430
_g(Jan-Feb 2013), v. 33(1) p. 157-166
_wBR2015004263
856 4 0 _uhttp://www.scielo.br/pdf/eagri/v33n1/v33n1a16.pdf
909 _a202311
_bLúcia
_c55
_dLúcia Elande
942 _2AGRIS
_n0
_cANA
999 _c244927
_d244927